| Tag |
First Indicator |
Second Indicator |
Subfields |
| LEADER |
00000cam a2200000 a 4500 |
| 001 |
in00001202425 |
| 005 |
20151002073452.0 |
| 008 |
940831s19931000txu tb s000 0 eng d |
| 027 |
|
|
|a SWUTC/94/30080-1F
|
| 035 |
|
|
|a (OCoLC)31037651
|
| 035 |
|
|
|9 AGM6999AM
|
| 040 |
|
|
|a IKM
|c IKM
|d TXA
|d UtOrBLW
|
| 049 |
|
|
|a TXAM
|
| 086 |
|
|
|a T1311.7 R311 no. 30080-1F
|2 txdocs
|
| 090 |
|
|
|a HE203
|b .T43 no. 30080-1F
|
| 100 |
1 |
|
|a Pinnoi, Nat.
|
| 245 |
1 |
0 |
|a Transportation and manufacturing productivity /
|c by Nat Pinnoi.
|
| 264 |
|
1 |
|a College Station, Tex. :
|b Texas Transportation Institute, Texas A & M University System ;
|a [Springfield, Va.] :
|b [available through National Technical Information Service],
|c [1993]
|
| 300 |
|
|
|a xiii, 37 pages :
|b illustrations ;
|c 28 cm.
|
| 336 |
|
|
|a text
|b txt
|2 rdacontent
|
| 337 |
|
|
|a unmediated
|b n
|2 rdamedia
|
| 338 |
|
|
|a volume
|b nc
|2 rdacarrier
|
| 490 |
1 |
|
|a Research report ;
|v 30080-1F
|
| 536 |
|
|
|a Sponsored by the Texas Department of Transportation.
|d 502XXF3008.
|
| 504 |
|
|
|a Includes bibliographical references (pages 27-33).
|
| 500 |
|
|
|a Research study title: Transportation Productivity and Multimodal Planning.
|
| 650 |
|
0 |
|a Industrial productivity
|z United States
|x Mathematical models.
|
| 650 |
|
0 |
|a Expenditures, Public
|x Rate of return
|x Mathematical models.
|
| 650 |
|
0 |
|a Government spending policy
|z United States
|x Mathematical models.
|
| 650 |
|
0 |
|a Fiscal policy
|z United States
|x Mathematical models.
|
| 650 |
|
0 |
|a Roads
|x Economic aspects
|z United States
|x Mathematical models.
|
| 650 |
|
0 |
|a Transportation
|z United States
|x Capital investments
|x Evaluation
|x Mathematical models.
|
| 650 |
|
0 |
|a Transportation and state
|z United States.
|
| 651 |
|
0 |
|a United States
|x Economic policy
|x Mathematical models.
|
| 710 |
2 |
|
|a Texas Transportation Institute.
|
| 710 |
1 |
|
|a Texas.
|b Department of Transportation.
|
| 740 |
0 |
|
|a Transportation productivity and multimodal planning.
|
| 830 |
|
0 |
|a Research report (Austin, Tex.) ;
|v 30080-1F.
|
| 999 |
|
|
|a MARS
|
| 999 |
f |
f |
|s dc3cc141-67b2-34aa-8eec-f606f7c19aea
|i 0048fc01-499b-33e3-933f-9e35797d8d73
|t 0
|
| 952 |
f |
f |
|p noncirc
|a Texas A&M University
|b College Station
|c Cushing Memorial Library & Archives
|d Cushing: Texas A&M (Does not check out)
|t 0
|e HE203 .T43 no.30080-1F
|h Library of Congress classification
|i unmediated -- volume
|
| 952 |
f |
f |
|p ric
|a Texas A&M University
|b Rellis Campus
|c Joint Library Facility
|d Remote Storage
|t 0
|e HE203 .T43 no.30080-1F
|h Library of Congress classification
|i unmediated -- volume
|m A14818540388
|
| 998 |
f |
f |
|a HE203 .T43 no.30080-1F
|t 0
|l Remote Storage
|
| 998 |
f |
f |
|a HE203 .T43 no.30080-1F
|t 0
|l Cushing: Texas A&M (Does not check out)
|